| 000 | 00855nam a22002297a 4500 | ||
|---|---|---|---|
| 005 | 20240530110614.0 | ||
| 008 | 161124s2015 ua ah|k 000 0 ara d | ||
| 017 |
_a2014/13118 _bمصر. دار الكتب |
||
| 020 | _a9789770528990 | ||
| 040 |
_aEG-CaGPL _cEG-CaGPL |
||
| 082 | 0 | 4 |
_221 _a153.94\ _bم ت |
| 100 | 0 | _aمحمد محمد عودة | |
| 245 | 1 | 2 |
_aالتقييم الفردى لاطفال التوحد و الاضطرابات النمائية / _cمحمد محمد عودة |
| 260 |
_aالقاهرة : _bمكتبة الانجلو المصرية ، _c2015 |
||
| 300 |
_a244 ص. : _bايض ؛ _c24 سم. |
||
| 650 | 0 | 7 |
_2qrmak _aالاطفال المعوقون |
| 650 | 0 | 7 |
_2qrmak _aالاطفال _xعلم نفس |
| 651 | _2qrmak | ||
| 653 | 0 | 4 | _aاطفال التوحد |
| 942 |
_2ddc _cBK |
||
| 999 |
_c62925 _d62925 |
||